000 00199 a2200097 4500
001 15123
100 _aMolloy E
245 _aAirframes
260 _aLondon
_bGeorge Newnes
_c
090 _c11873
_d11873
942 _aNUST-CAE
_cM
_c2084
999 _c250196
_d250196